000 00737nam a2200265Ia 4500
003 OSt
005 20220918164947.0
006 a|||||r|||| 00| 0
007 ta
008 220917b |||||||| |||| 00| 0 eng d
020 _a0826447279 (pbk)
024 _a199,367
037 _cTextual
040 _aARTS
_cARTS
_beng
041 _2eng
_aeng
082 _aY150aQ, P1
100 _aJuschka Darlene M Ed.
_921934
245 0 _aFeminism in the study of religion
_b a reader
260 _aLondon
_bContinuum
_c2001
300 _aix,700 p.
_ccm.
490 _aControversies in the study of religion
650 _aSOCIOLOGY
942 _hY150aQ, P1
_cTEXL
_2CC
999 _c127651
_d127651